000 00495nam a2200181Ia 4500
005 20260429112037.0
008 260429s9999||||xx |||||||||||||| ||und||
020 _a9781804891407
041 _aEnglish
082 _a620.5
_bKAN
100 _aKane, Seraphina
245 0 _aNanostructure design /
_cSeraphina Kane
260 _aUnited Kingdom :
_bBrilliant Publication Ltd. ,
_c2025.
300 _axiv, 315 p.; hb
650 _a Materials science
650 _aNanostructures
942 _cTB
999 _c52054
_d52054